| 000 | 00804nam a2200229 a 4500 | ||
|---|---|---|---|
| 001 | 000013809 | ||
| 003 | DO-SdBNP | ||
| 005 | 20240314191552.0 | ||
| 008 | 091130s1995 dr 001 0 spa d | ||
| 040 |
_aDO-SdBNP _bspa _cBNPHU |
||
| 082 |
_a346.06 _bE772r |
||
| 100 | 1 |
_aEspaillat, Susan _914047 |
|
| 245 | 1 | 3 |
_aLa responsabilidad penal de las sociedades comerciales / _bSusan Espaillat ; prólogo Milton L. Ray Guevara. |
| 260 |
_aSanto Domingo : _bTaller, _c1995. |
||
| 300 |
_a130, [55], p. ; _c24 cm. |
||
| 500 | _aIncluye notas al pie de las páginas | ||
| 504 | _aIncluye bibliografía (p. 128 - 129) | ||
| 650 | 4 |
_aDerecho civil _xLegislación _zRepública Dominicana _96943 |
|
| 651 | 4 |
_aProcedimiento Civil _931303 |
|
| 700 | 1 |
_aMilton Ray Guevara _d1948- _epról. _978143 |
|
| 942 |
_2ddc _cLBS1 |
||
| 999 |
_c13421 _d13421 |
||